000 00199nam a2200085Ia 4500
008 120527s9999 xx 000 0 und d
100 _aSchiffman, H.r
245 _aSensation and perception
942 _cBK
999 _c27374
_d27374